Statystyki dla Miasta Gothica

Kliknij tutaj aby rozwiązać quiz!

Ogólne statystyki

  • Ten quiz został rozwiązany 431 razy
  • Średni wynik to 19 z 29

Statystyki odpowiedzi

OpisMiasto% Poprawnych
Forteca Paladynów najechana przez demonaGotha
92%
Stolica królestwa, powstała w nim magiczna bariera.Vengard
90%
Mała wioska rybackaArdea
76%
Majątek ziemski bogatego farmera który zatrudnił NajemnikówFarma Onara
76%
"...... miasto jak miasto tyle że portowe"Khorinis
75%
przez jej zawalenie Gomez wpadł w szałStara Kopalnia
74%
To jedno wielkie bagno ale mają ziele, dużo zielaObóz Sekty
73%
Mają ogromny piec na rudęKlan Młota
72%
"Największy i najstarszy jest tak zwany .... ...."Stary Obóz
72%
Miasto stało się stolicą orków w Myrtanie (przebywa tu Kan)Faring
71%
Wioska rybacka leżąca blisko NordmaruSilden
71%
W świątyniach trwają wykopaliska w poszukiwaniu artefaktów, zmęczeni niewolnicy idą na zmianę na FarmęMontera
70%
Są tu pola ryżoweNowy Obóz
70%
Największy obóz buntowników, kiedyś kopalnia StaliOkara
69%
Pod tą osadą żyją smokiCape Dun
68%
Miasto to posiada duże złoża mineralne od żelaza przez złoto na rudzie kończącGeldern
66%
Mogło by to być największe miasto w sadze ale Adanos zesłał powódź i całą prastarą cywilizacje miasta szlak trawił pozostały jedynie ruiny na których osiedlili się Piraci następnie Bandyci i Magowie WodyJarkendar
66%
Zarządca tego miasta ma w przeciwieństwie do Rhobara czy Zubena swojego Ogrodnika, uprawia się tu bagienne zieleLago
66%
Miasto w którym okrowie pilnują żeby Assasyni ich nie zaatakowaliTrelis
65%
Pierwsze miasto po przekroczeniu przełęczy do VarantuBraga
63%
Osiedle Buntowników na północ od poprzedniego miastaNemora
63%
Ma w nazwie imię gościa który robił zbroje z pancerza pełzaczy, wioska słynie z myśliwychKlan Wilka
61%
Znajduje się tu świątynia BeliaraBakaresh
60%
"Ahh .......... złoto, interesy lodowate, piwo"Mora Sul
60%
Miasto terroryzowane przez nieumarłych ze świątyniBen Sala
58%
Stąd kontroluje się pobliskie tunele ze złotemBen Erai
54%
stąd pochodził Rhobar IKlan Ognia
46%
Pustynne ruiny, jest tu artefakt AdanosaAl Shedim
40%
Stolica Assasynów, leży bardzo dalekoIsthar
24%

Rozkład punktacji

Percentyl według liczby udzielonych odpowiedzi

Procent ludzi z każdym wynikiem

Twoja historia wyników

Nie rozwiązałeś tego quizu